| 000 | 00889cam a2200193 4500 | ||
|---|---|---|---|
| 001 | ABS64359 | ||
| 008 | 010904n2001 000 0 eng u | ||
| 035 | _a(Sirsi) u114426 | ||
| 100 | _aMorris, A | ||
| 245 | _aInternational relations | ||
| 260 | _c2001 | ||
| 490 |
_aEstates Gazette _v(0132) 11 August 2001, 82-83(2) |
||
| 520 | _aA "Mainly for students" article that examines the specific difficulties that face parties involved in international arbitration, covering questions such as which country arbitration should take place in, which country's laws should be applied, international conventions and approaching arbitration institutions for help. | ||
| 590 | _aABS | ||
| 650 | _aMANAGEMENT-DISPUTE AVOIDANCE, MANAGEMENT AND RESOLUTION-DISPUTE MANAGEMENT AND RESOLUTION-ARBITRATION | ||
| 650 | _aINTERNATIONAL ARBITRATION | ||
| 690 |
_aDispute resolution _96236 |
||
| 942 | _n0 | ||
| 999 |
_c68151 _d68151 |
||